Statistics for Star Wars: Space Decoder

Click here to take the quiz!

General Stats

  • This quiz has been taken 397 times
  • The average score is 20 of 27

Answer Stats

HintAnswer% Correct
He is the only Sith Jedi to wield a double-bladed lightsaber. Darth ____.Maul
98%
He is the little green Jedi who uses a cane and lives on Dagobah.Yoda
98%
Jar-Jar's last name. Jar-Jar _____Binks
92%
Anakin's/Luke's astromech droid.R2D2
92%
He is the co-pilot of the Millinium FalconChewbacca
91%
The type of ship a TIE is. A TIE ______Fighter
90%
He is the pilot of the Millinium Falcon.Han Solo
90%
He was both Anakin and Luke's Jedi master.Obi-Wan Kenobi
90%
He is the "Chosen One", and was the final Sith lord.Anakin Skywalker
88%
He is the gangster who received Han Solo when he was frozen in carbonate. Janna the ________Hutt
88%
Princess Leia's brotherLuke Skywalker
88%
Darth Vader's theme song: ________ MarchImperial
87%
He is the only Jedi to wield a purple light saber. Mace ____.Windu
86%
The planet which is Luke and Anakin's home.Tatooine
85%
This is the type of ship that the Empire sends from Star destroyers to destroy the Rebels.TIE
80%
The opposition of the Rebels.Empire
78%
This is the planet which Luke had to go to in order to make a clear, undetectable approach to the second Death Star.Endor
75%
The senator who raised Leia. Senator Baile ______.Organa
74%
Luke and Leia's mother; Padme _______.Amidala
72%
The villain of The Force AwakensKYlo Ren
72%
Princess Leia's home planetAlderaan
71%
He is the General of the Seperatists. General ________.GrievoUs
60%
The Jedi of the Dark Side.Sith
59%
The winged creature seen in Mos Eisley selling droid parts and even a pod racer.Watto
39%
Quote:May the Force be with you. Always.
25%
The moon on which Luke opened a Jedi Training Academy.Yavin 4
22%
He is the newest Jedi.Ezra Bridger
10%

Score Distribution

Percentile by Number Answered

Percent of People with Each Score

Your Score History

You have not taken this quiz